| 000 | 00798cam a2200265 i 4500 | ||
|---|---|---|---|
| 001 | 1191253 | ||
| 003 | YEEZEN | ||
| 005 | 20241230145223.0 | ||
| 008 | 240722s2024 ch ak g 000 0 chi d | ||
| 020 |
_a9789861442570 _q(平裝) : _cNT$430 |
||
| 040 |
_aTWTNM _bchi _cTWTNM |
||
| 042 | _anbic | ||
| 084 |
_a429 _2ncsclt |
||
| 090 | _a429 | ||
| 100 | 1 | _a謝孟璇 | |
| 245 | 1 | 0 |
_a玩美不網美 : _b醫美不能說的秘密 不可不知的健康秘訣 / _c謝孟璇作 |
| 246 | 3 | 0 | _a醫美不能說的秘密 不可不知的健康秘訣 |
| 250 | _a第一版 | ||
| 260 |
_a新北市 : _b商鼎數位, _c2024.02 |
||
| 300 |
_a16, 181面 : _b彩圖, 表 ; _c23公分 |
||
| 650 | 7 |
_a家庭醫學 _2lcstt. |
|
| 650 | 7 |
_a保健常識 _2lcstt. |
|
| 650 | 7 |
_a皮膚美容學 _2lcstt. |
|
| 942 |
_2ccl _cBOOK |
||
| 999 |
_c7627 _d7627 |
||